000 00601nam a22001817a 4500
005 20171027145953.0
010 _aENG-120935
020 _c200.00
035 _aEN-104467
037 _bDBAD/PUB
082 _a133.333
100 _aChowdhary, Thimmaiah Golla
245 _aControlling of the five elements is vaasthu /
_cby Golla Thimmaiah Chowdhary
260 _aAnantapuramu
_bGolla Thimmaiah chowdhary (Author)
_c2015
270 _aD.No. 6-3-149, Flat NO. 204, Comfort Residency, Ramnagar
_bAnantapuramu
300 _axxxv,283p.
_c22cm(pbk)
942 _2ddc
_cEN
_mCHO
_h133.333
999 _c146945
_d146945